| 000 | 00927nam a22002417a 4500 | ||
|---|---|---|---|
| 999 |
_c19380 _d19380 |
||
| 003 | AR-CdUCM | ||
| 008 | 190517b ||||| |||| 00| 0 spa d | ||
| 040 |
_aMUNICIPALIDAD PROVINCIAL DEL CUSCO _cBIBLIOTECA MUNICIPAL DEL CUSCO |
||
| 041 | _hger | ||
| 082 |
_a124.91 / _bAV91 |
||
| 100 |
_aAvenarius, Richard _940691 |
||
| 245 |
_aLa filosofía : _bcomo el pensar del mundo de acuerdo con el principio del menor gasto de energía / |
||
| 260 |
_aBuenos Aires : _bLosada, _c1947. |
||
| 300 |
_a148 páginas ; _c19.5 cm. |
||
| 440 |
_aBiblioteca Filosófica. _915046 |
||
| 505 | _aContenido: La raíz de la filosofía -- La tarea de la filosofía -- El método de la filosofía -- El desenvolvimiento de la filosofía. | ||
| 650 |
_aFilosofía _9395 |
||
| 650 |
_aMetodología _92264 |
||
| 650 |
_aConocimiento _95704 |
||
| 700 |
_aGrinfeld, Najmen (traducción) _940692 |
||
| 942 |
_2ddc _cLIBROS |
||
| 945 |
_aachl _d2019-05-17 |
||